000 00209nam a2200085Ia 4500
008 120527s9999 xx 000 0 und d
100 _aOLAJIRE,Abass
245 _aIntroductory to Physical Chemistry.
942 _cBK
999 _c23501
_d23501